Normal view
MARC view
- Coulouris, George,Dollimore, Jean,Kindberg, Tim
Entry Personal Name
001 - CONTROL NUMBER
- control field: 60911
003 - CONTROL NUMBER IDENTIFIER
- control field: NUST
005 - DATE AND TIME OF LATEST TRANSACTION
- control field: 20210628202641.0
008 - FIXED-LENGTH DATA ELEMENTS
- fixed length control field: 210628|| aca||aabn | a|a d
040 ## - CATALOGING SOURCE
- Original cataloging agency: NUST
- Transcribing agency: NUST
100 ## - HEADING--PERSONAL NAME
- Personal name: Coulouris, George,Dollimore, Jean,Kindberg, Tim
670 ## - SOURCE DATA FOUND
- Source citation: Work cat.: (NUST): Coulouris, George,Dollimore, Jean,Kindberg, Tim, Distributed systems concepts and design, 2002
